| 000 | 00426nam a2200181 i 4500 | ||
|---|---|---|---|
| 001 | bg | ||
| 100 | 1 | _aRITTERMAN, Saul | |
| 245 | 0 |
_aComputer circuit concepts / _cSaul Ritterman. |
|
| 260 |
_aNew York : _bMcGraw-Hill, _c1986. |
||
| 650 | 9 | _aKomputery | |
| 020 | _a0070529523 | ||
| 040 | _cBPK | ||
| 041 | _apol | ||
| 080 | _a004 | ||
| 920 | _a0-07-052952-3 | ||
| 942 | _cKS | ||
| 008 | s pl f |000 0 pol | ||
| 999 |
_c29337 _d29337 |
||
| 856 |
_uhttp://koha.tu.koszalin.pl/cgi-bin/koha/opac-detail.pl?biblionumber=29337 _yKatalog online BPK |
||